Two Degrees of Separation - Libya Quiz Stats

 Plays Quiz Updated Dec 8, 2018

Support Sporcle.
Go Orange.
Score 0/13 Timer 02:00
0 Plays Today
Answer % Correct
Morocco
92.4%
South Sudan
85.1%
Nigeria
83.7%
Mali
81%
Central African Republic
77%
Ethiopia
76.7%
Eritrea
72.9%
Israel
72.7%
Mauritania
70.3%
Burkina Faso
64.6%
Cameroon
63.7%
Palestine
52.5%
Benin
51%

You're not logged in!

Compare scores with friends on all Sporcle quizzes.
OR
Log In
Forgot?

From the Vault

Mystery People

by MoMosMoProblems

History 5m
If only there was a real life Mystery Machine to help find them.
Remove Ads.
Support Sporcle.
Get the best of Sporcle when you Go Orange. This ad-free experience offers more features, more stats, and more fun while also helping to support Sporcle. Thank you for becoming a member.

Show Comments

Extras

Top Quizzes Today


Score Distribution

Your Account Isn't Verified!

In order to create a playlist on Sporcle, you need to verify the email address you used during registration. Go to your Sporcle Settings to finish the process.

Report this User

Report this user for behavior that violates our Community Guidelines.

Details: